000
00437nam a2200145Ia 4500
008
100204s9999 xx 000 0 und d
082
_b
9110
100
_a
सोहनी गुरुदत्त
245
_a
गणकयंत्र
260
_b
"पुरंदरं पंकाशन , पुणे"
_c
1986
300
_a
47
630
_a
गणकयंत्र
730
_a
गणकयंत्र
942
_c
BOOK
999
_c
453546
_d
453543